000 00780nam a2200265Ia 4500
003 OSt
005 20220912152338.0
006 a|||||r|||| 00| 0
007 ta
008 220909b |||||||| |||| 00| 0 eng d
024 _a51584
037 _cTextual
040 _aCSL
_beng
_cCSL
041 _aeng
082 _aI23:4p1,N71, L3
100 _aByrde R J W Ed.
111 _aSymposium on fungal pathogenicity and the plant's response (1971 : Bristol)
245 0 _aProceeding on fungal pathogenicity and the plant's response
260 _aLondon
_bAcademic
_c1973
300 _ap.
_ccm.
650 _aBotany
700 _a Cutting C V Ed.
942 _hI23:4p1,N71, L3
_cTEXL
_2CC
999 _c84438
_d84438